000 00242 a2200097 4500
001 39907
100 _aPratt William A
245 _aYear Around Conditioning for Golfers
260 _aNew York
_bAtheneum/S M I
_c1979
090 _c24902
_d24902
942 _aNUST-CAE
_cM
_c16561
999 _c274980
_d274980